| 000 | 00000nam 2200000zi 4500 |
| 001 | 9.933801 |
| 003 | CaOODSP |
| 005 | 20250611103918 |
| 006 | m o d f |
| 007 | cr cn||||||||| |
| 008 | 240212t20242024onc o f000 0 fre d |
| 020 | |a9780660702131 |
| 040 | |aCaOODSP|bfre|erda|cCaOODSP |
| 043 | |an-cn--- |
| 086 | 1 |aA22-625/2024F-PDF |
| 245 | 00|aSondage 2023-2024 sur des enjeux stratégiques touchant les transformateurs d'aliments et de boissons (vague IV) : |brapport final. |
| 264 | 1|aOttawa (Ontario) : |bAgriculture et agroalimentaire Canada = Agriculture and Agri-Food Canada, |c2024. |
| 264 | 4|c©2024 |
| 300 | |a1 ressource en ligne (46 pages) + |e1 sommaire (6 pages) |
| 336 | |atexte|btxt|2rdacontent/fre |
| 337 | |ainformatique|bc|2rdamedia/fre |
| 338 | |aressource en ligne|bcr|2rdacarrier/fre |
| 500 | |a« Nom du fournisseur : Environics Research. » |
| 500 | |a« Numéro de contrat : CW2330863. » |
| 500 | |a« Numéro d'enregistrement : POR 052-23. » |
| 500 | |aPréparé à l'intention d'Agriculture et agroalimentaire Canada. |
| 500 | |aPublié aussi en anglais sous le titre : 2023-2024 strategic issues survey of food and beverage processors (wave IV) : final report. |
| 520 | |a« Cette étude constitue la quatrième vague du sondage d’AAC sur des enjeux stratégiques touchant les transformateurs d’aliments et de boissons; les vagues précédentes ont été menées en 2017-2018, en 2018-2019 et en 2021-2022. Le sondage cherche à obtenir des renseignements essentiels sur les opinions des transformateurs canadiens, de même que sur les enjeux et défis auxquels ils font face. Les résultats serviront à l’élaboration de politiques, de programmes et d’initiatives visant à mieux servir le secteur » -- Résumé du rapport. |
| 650 | 6|aAliments|xIndustrie et commerce|zCanada|xOpinion publique. |
| 650 | 6|aBoissons|xIndustrie|zCanada|xOpinion publique. |
| 650 | 6|aOpinion publique|zCanada. |
| 710 | 1 |aCanada. |bAgriculture et agroalimentaire Canada, |eorganisme de publication. |
| 710 | 2 |aEnvironics Research Group, |econsultant. |
| 775 | 08|t2023-2024 strategic issues survey of food and beverage processors (wave IV) : |w(CaOODSP)9.933800 |
| 795 | |tSondage 2021-2022 sur des enjeux stratégiques touchant les transformateurs d'aliments et de boissons (vague III) : |w(CaOODSP)9.909863 |
| 856 | 40|qPDF|s583 Ko|uhttps://publications.gc.ca/collections/collection_2024/aac-aafc/A22-625-2024-fra.pdf|zRapport final |
| 856 | 40|qPDF|s228 Ko|uhttps://publications.gc.ca/collections/collection_2024/aac-aafc/A22-625-2024-1-fra.pdf|zSommaire |
| 856 | 4 |qHTML|sS.O.|uhttps://epe.bac-lac.gc.ca/100/200/301/pwgsc-tpsgc/por-ef/agriculture_agri-food/2024/052-23-f/052-23-rapport.html|zRapport final |
| 856 | 40|qHTML|sS.O.|uhttps://epe.bac-lac.gc.ca/100/200/301/pwgsc-tpsgc/por-ef/agriculture_agri-food/2024/052-23-f/sommaire/052-23-sommaire.html|zSommaire |